Statistiques concernant Les plus gros transferts du football - Milieux de terrain

Cliquez ici pour prendre le quiz!

Statistiques générales

  • Ce quiz a été pris 14 fois
  • Le résultat moyen est 8 sur 10

Statistiques - réponses

Montant de transfert (M €)SaisonNationalitéVenant deAllant àJoueur% Correct
121,002022-2023ArgentinaBenficaChelseaEnzo Fernández
100%
103,002023-2024EnglandBorussia DortmundReal MadridJude Bellingham
100%
105,002016-2017FranceJuventus TurinManchester UnitedPaul Pogba
100%
135,002017-2018BrazilLiverpoolBarcelonePhilippe Coutinho
100%
116,602023-2024EnglandWest Ham UnitedArsenalDeclan Rice
90%
86,002019-2020NetherlandsAjaxBarceloneFrenkie de Jong
90%
80,002022-2023FranceAS MonacoReal MadridAurélien Tchouaméni
70%
116,002023-2024EcuadorBrightonChelseaMoisés Caicedo
60%
80,002020-2021GermanyBayer LeverkusenChelseaKai Havertz
50%
80,602020-2021BrazilBarceloneJuventus TurinArthur Melo
30%

Distribution des résultats

Percentile par nombre de réponses

% des personnes avec chaque résultat

Votre développement - résultats

Vous n’avez pas pris ce quiz